[Event "N�-LL 2005/06"]
[Site "?"]
[Date "2006.04.23"]
[Round "13"]
[White "Lehner, Oliver"]
[Black "Mahdy, Khaled"]
[Result "1/2-1/2"]
[WhiteElo "2415"]
[BlackElo "2337"]
[Annotator "Waidhofen : St.P�lten"]
[PlyCount "41"]
[EventDate "2005.09.27"]
[SourceDate "2006.04.27"]

1. e4 e5 2. Nf3 Nc6 3. Bb5 a6 4. Ba4 d6 5. O-O Bd7 6. Nc3 Nge7 7. Re1 Ng6 8.
Nd5 Be7 9. c3 O-O 10. d4 Nh4 11. Bxc6 Bxc6 12. dxe5 Nxf3+ 13. Qxf3 dxe5 14. Rd1
Bd6 15. c4 Bxd5 16. Rxd5 Qe7 17. Be3 c6 18. Rd3 Rad8 19. Rad1 Bc7 20. Rxd8 Rxd8
21. h3 1/2-1/2

[Event "N�-LL 2005/06"]
[Site "?"]
[Date "2006.04.23"]
[Round "13"]
[White "Kropik, Martin"]
[Black "Ganaus, Hannes"]
[Result "0-1"]
[WhiteElo "2112"]
[BlackElo "2368"]
[Annotator "Waidhofen : St.P�lten"]
[PlyCount "44"]
[EventDate "2005.09.27"]
[SourceDate "2006.04.27"]

1. d4 Nf6 2. c4 e6 3. Bg5 h6 4. Bh4 c5 5. d5 exd5 6. cxd5 Qb6 7. Bxf6 Qxf6 8.
Nc3 a6 9. a4 d6 10. e4 g5 11. Be2 Nd7 12. Nf3 Bg7 13. O-O O-O 14. Kh1 Rb8 15.
a5 Ne5 16. Nxe5 Qxe5 17. f4 gxf4 18. Qd2 Qg5 19. Qxf4 Be5 20. Qxg5+ hxg5 21.
Na4 Kg7 22. Bd3 Rh8 0-1

[Event "N�-LL 2005/06"]
[Site "?"]
[Date "2006.04.23"]
[Round "13"]
[White "Denk, Adolf"]
[Black "Wagner, Stefan"]
[Result "1-0"]
[WhiteElo "2255"]
[BlackElo "1915"]
[Annotator "Waidhofen : St.P�lten"]
[PlyCount "68"]
[EventDate "2005.09.27"]
[SourceDate "2006.04.27"]

1. d4 Nf6 2. g3 d5 3. Bg2 c6 4. Nf3 Bf5 5. Nbd2 e6 6. c4 h6 7. b3 Nbd7 8. Bb2
Bd6 9. a3 O-O 10. Ra2 a5 11. O-O b5 12. Qa1 Ne4 13. Rc1 a4 14. c5 Bc7 15. b4 g5
16. Nf1 f6 17. Ne1 g4 18. f3 Ng5 19. Ne3 h5 20. Nxf5 exf5 21. Qb1 f4 22. Qg6+
Kh8 23. Qxh5+ Kg7 24. Nd3 gxf3 25. exf3 fxg3 26. hxg3 f5 27. Ne5 Bxe5 28. dxe5
Ne6 29. Bh3 Qe8 30. Qxe8 Raxe8 31. f4 Kg6 32. Bc3 Rh8 33. Rh2 Ng7 34. Kg2 Nf8
1-0

[Event "N�-LL 2005/06"]
[Site "?"]
[Date "2006.04.23"]
[Round "13"]
[White "Rosenauer, Harald"]
[Black "R�hrl, Karl"]
[Result "0-1"]
[WhiteElo "1956"]
[BlackElo "2223"]
[Annotator "Waidhofen : St.P�lten"]
[PlyCount "76"]
[EventDate "2005.09.27"]
[SourceDate "2006.04.27"]

1. Nf3 c5 2. g3 b6 3. Bg2 Bb7 4. O-O Nf6 5. c4 g6 6. b3 Bg7 7. Bb2 O-O 8. Nc3
d6 9. d3 Nbd7 10. h3 e5 11. e4 Nh5 12. Kh2 Qe7 13. Qe2 Bh6 14. Bc1 Bxc1 15.
Raxc1 Kg7 16. Nh4 Qg5 17. Qg4 Qxg4 18. hxg4 Nhf6 19. g5 Ne8 20. Bh3 Rd8 21. f4
exf4 22. Bxd7 fxg3+ 23. Kxg3 Rxd7 24. Rf2 f6 25. Rcf1 Rdf7 26. Nf3 Nc7 27. Nd2
fxg5 28. Rxf7+ Rxf7 29. Re1 h5 30. Nb5 Nxb5 31. cxb5 h4+ 32. Kg2 g4 33. Nc4 Rf6
34. Kg1 g3 35. e5 dxe5 36. Rxe5 h3 37. Re7+ Kh6 38. Rxb7 h2+ 0-1